00590nam a2200205 a 450000100060000000300090000600800410001502000150005604000280007108200160009910000230011524500460013825000060018426000440019030000110023465000310024565000360027665000350031265000370034711538CO-ViMGA141112s2004 ck r 000 u spa d a9800100350 aCO-ViMGAbspacCO-ViMGA04a986.04 C17g1 aCastro Leiva, Luis10aLa gran Colombia, una ilusión ilustrada a1 aCaracas, cMonte Avila editores, c1985 a159 p.14aBOLIVAR, SIMON 1783 - 183014aCOLOMBIA - HISTORIA 1819 - 183114aECUADOR - HISTORIA 1822 - 183014aVENEZUELA - HISTORIA 1810 - 1830